000 00510nam a2200181Ia 4500
005 20250326124918.0
008 250326s9999 xx 000 0 und d
037 _aTextbook
040 _aFMSL
_beng
_cFMSL
041 _aeng
_2eng
084 _aX:8F K72
_qFMSL
100 _aSeiler R E
_9738206
245 0 _aPrinciples of accounting: managerial approach
_cSeiler R E
260 _aOhio
_bOhio, Charles E Merrill
_c1967
300 _a893p
942 _cTB
_hX:8F K72
999 _c1275746
_d1275746